MARC details
| 000 -LEADER |
| fixed length control field |
02365cab a2200325Ia 45 0 |
| 001 - CONTROL NUMBER |
| control field |
u212872 |
| 003 - CONTROL NUMBER IDENTIFIER |
| control field |
SIRSI |
| 008 - FIXED-LENGTH DATA ELEMENTS--GENERAL INFORMATION |
| fixed length control field |
101023s2016 ua ss b eng d |
| 040 ## - CATALOGING SOURCE |
| Original cataloging agency |
EAL |
| 041 ## - LANGUAGE CODE |
| Language code of text/sound track or separate title |
eng |
| Language code of summary or abstract |
ara |
| 090 ## - LOCALLY ASSIGNED LC-TYPE CALL NUMBER (OCLC); LOCAL CALL NUMBER (RLIN) |
| Classification number (OCLC) (R) ; Classification number, CALL (RLIN) (NR) |
ART MJAR V41 No1 Pt1 1 |
| 100 1# - MAIN ENTRY--PERSONAL NAME |
| Personal name |
Awad, M. A. |
| 240 10 - UNIFORM TITLE |
| Uniform title |
Minufiya journal of agricultural research, 2016 v.41 (1) |
| Number of part/section of a work |
Part 1 |
| Medium |
[electronic resource]. |
| 245 10 - TITLE STATEMENT |
| Title |
Plant extracts as antifungal factors against postharvest cucumber fruit rot |
| Medium |
[electronic resource]. |
| 246 15 - VARYING FORM OF TITLE |
| Title proper/short title |
المستخلصات النباتية كمضادات للفطريات المسببة لعفن الثمار في الخيار بعد الحصاد. |
| 300 ## - PHYSICAL DESCRIPTION |
| Extent |
P.1-15. |
| 504 ## - BIBLIOGRAPHY, ETC. NOTE |
| Bibliography, etc. note |
Includes references. |
| 520 ## - SUMMARY, ETC. |
| Summary, etc. |
Eight plant extract materials were involved in these studies to control cucumber fruit rot disease i.e., Cinnamon, Ginger, Thyme, Marjoram, Clove, Garlic, Galls and Nigella. The most aggressive fungal pathogen isolates from seven pathogenic fungi were tested in these trials i.e., Fusarium moniliforme (isolate 2), Fusarium oxysporium (isolate 1), Fusarium solani (isolate 1), Fusarium subglutinans (isolate 1), Botrytis cinerea (isolate 3), Sclerotinia sclerotiorum (isolate 3) and Macrophomina phaseo/ina. Three concentrations of each plant extract i.e.3, 5 and 10% were used in these experiments. All plant extracts were effective in growth inhibition of the seven fungal pathogens and various in effects with the three tested concentrations. The most effective plant extract was Garlic at the three tested concentration followed by Thyme on most of the tested fugal pathogen in petri dish under laboratory conditions. All tested plant extracts were affected on disease index; Galls followed by Thyme were the most effective extracts at 3% concentration. Key words: Cucumber fruit rot, biocontrol, plant extracts. |
| 546 ## - LANGUAGE NOTE |
| Language note |
Summary in Arabic. |
| 596 ## - |
| -- |
1 |
| 650 #0 - SUBJECT ADDED ENTRY--TOPICAL TERM |
| Topical term or geographic name entry element |
Cucumbers |
| General subdivision |
Diseases and pests |
| -- |
Biological control |
| 650 #0 - SUBJECT ADDED ENTRY--TOPICAL TERM |
| Topical term or geographic name entry element |
Cucumbers |
| General subdivision |
Postharvest diseases and injuries. |
| 650 #0 - SUBJECT ADDED ENTRY--TOPICAL TERM |
| Topical term or geographic name entry element |
Plant extracts |
| 650 #0 - SUBJECT ADDED ENTRY--TOPICAL TERM |
| Topical term or geographic name entry element |
Antifungal agents |
| 650 #3 - SUBJECT ADDED ENTRY--TOPICAL TERM |
| Topical term or geographic name entry element |
plant rots |
| 700 1# - ADDED ENTRY--PERSONAL NAME |
| Personal name |
Khalifa, E. Z. |
| 700 1# - ADDED ENTRY--PERSONAL NAME |
| Personal name |
Shebl, Asmaa M. |
| 773 0# - HOST ITEM ENTRY |
| Title |
Minufiya Journal of Agricultural Research. |
| Related parts |
2016.v.41(1) |
| Note |
Part 1 |
| International Standard Serial Number |
1110-0265 |
| Control subfield |
nnas |
| Record control number |
u158151 |
| 856 40 - ELECTRONIC LOCATION AND ACCESS |
| Uniform Resource Identifier |
<a href="http://nile.enal.sci.eg/EALE/2016/MJAR/4116/1p1/1.pdf">http://nile.enal.sci.eg/EALE/2016/MJAR/4116/1p1/1.pdf</a> |
| Public note |
Full Text Article |
| 942 ## - ADDED ENTRY ELEMENTS (KOHA) |
| Koha item type |
Articles |
| Source of classification or shelving scheme |
Library of Congress Classification |